<?xml version="1.0" encoding="UTF-8"?>
<record
    xmlns:xsi="http://www.w3.org/2001/XMLSchema-instance"
    xsi:schemaLocation="http://www.loc.gov/MARC21/slim http://www.loc.gov/standards/marcxml/schema/MARC21slim.xsd"
    xmlns="http://www.loc.gov/MARC21/slim">

  <leader>00480nam a22001937a 4500</leader>
  <controlfield tag="003">3228</controlfield>
  <controlfield tag="005">20250708130726.0</controlfield>
  <controlfield tag="008"> eng</controlfield>
  <datafield tag="020" ind1=" " ind2=" ">
    <subfield code="a">9781467700214</subfield>
  </datafield>
  <datafield tag="040" ind1=" " ind2=" ">
    <subfield code="a">RDA</subfield>
    <subfield code="c">3228</subfield>
  </datafield>
  <datafield tag="041" ind1=" " ind2=" ">
    <subfield code="2">E</subfield>
  </datafield>
  <datafield tag="082" ind1=" " ind2=" ">
    <subfield code="a">551.302 RILE</subfield>
  </datafield>
  <datafield tag="100" ind1=" " ind2=" ">
    <subfield code="a">Riley,Joelle</subfield>
    <subfield code="d">2017</subfield>
    <subfield code="9">195005</subfield>
  </datafield>
  <datafield tag="245" ind1=" " ind2=" ">
    <subfield code="a">Examining:Erosion</subfield>
    <subfield code="c">Reley,Joelle</subfield>
  </datafield>
  <datafield tag="260" ind1=" " ind2=" ">
    <subfield code="a">Minneapolis</subfield>
    <subfield code="b">Lerner publications</subfield>
    <subfield code="c">2017</subfield>
  </datafield>
  <datafield tag="300" ind1=" " ind2=" ">
    <subfield code="a">40 pages</subfield>
    <subfield code="b">illustration</subfield>
    <subfield code="c">23 cm</subfield>
  </datafield>
  <datafield tag="504" ind1=" " ind2=" ">
    <subfield code="6">Juvenile non-fiction</subfield>
  </datafield>
  <datafield tag="942" ind1=" " ind2=" ">
    <subfield code="2">ddc</subfield>
    <subfield code="c">BOOK05</subfield>
    <subfield code="w">159</subfield>
    <subfield code="x">Lindiwe Thabede</subfield>
    <subfield code="y">159</subfield>
    <subfield code="z">Lindiwe Thabede</subfield>
  </datafield>
  <datafield tag="999" ind1=" " ind2=" ">
    <subfield code="c">779285</subfield>
    <subfield code="d">779284</subfield>
  </datafield>
  <datafield tag="952" ind1=" " ind2=" ">
    <subfield code="0">0</subfield>
    <subfield code="1">0</subfield>
    <subfield code="2">ddc</subfield>
    <subfield code="4">0</subfield>
    <subfield code="7">0</subfield>
    <subfield code="8">500</subfield>
    <subfield code="a">MBOMRL</subfield>
    <subfield code="b">MALEL</subfield>
    <subfield code="c">CHILD</subfield>
    <subfield code="d">2025-07-08</subfield>
    <subfield code="g">166.82</subfield>
    <subfield code="l">0</subfield>
    <subfield code="o">551.302 RILE</subfield>
    <subfield code="p">33228031162660</subfield>
    <subfield code="r">2025-07-08</subfield>
    <subfield code="w">2025-07-08</subfield>
    <subfield code="y">BOOK05</subfield>
  </datafield>
  <datafield tag="952" ind1=" " ind2=" ">
    <subfield code="0">0</subfield>
    <subfield code="1">0</subfield>
    <subfield code="2">ddc</subfield>
    <subfield code="4">0</subfield>
    <subfield code="7">0</subfield>
    <subfield code="8">500</subfield>
    <subfield code="a">STANL</subfield>
    <subfield code="b">STANL</subfield>
    <subfield code="c">CHILD</subfield>
    <subfield code="d">2025-10-03</subfield>
    <subfield code="g">185.00</subfield>
    <subfield code="o">J 551.3 RILE</subfield>
    <subfield code="p">3228200045296</subfield>
    <subfield code="r">2025-10-03</subfield>
    <subfield code="v">185.00</subfield>
    <subfield code="w">2025-10-03</subfield>
    <subfield code="y">BOOK05</subfield>
  </datafield>
</record>
